00489nam a2200133Ia 4500008004100000100003000041245006900071245007100140260005300211260000900264300000600273650001500279856006100294170221s9999 xx 000 0 und d aVyacheslav N. Maleichenko aImprovement of Agrarian Relations as a Prerogative of the State  cVyacheslav N. Maleichenko, Elena I. Artyomova, Maria V. Zelinskaya bInternational Review of Management and Marketing c2012 a: xMarketing. uhttp://www.econjournals.com/index.php/irmm/issue/view/70